| 000 | 00557nam a22002057a 4500 | ||
|---|---|---|---|
| 003 | OSt | ||
| 005 | 20220107122721.0 | ||
| 008 | 130826b xxu||||| |||| 00| 0 eng d | ||
| 020 | _a9788120309296 | ||
| 040 | _cIIITM-K | ||
| 082 | _a621.367 JAI/F | ||
| 100 |
_aJain, Anil K _92087 |
||
| 245 |
_aFundamentals of digital image processing _cby Anil K Jain |
||
| 260 |
_aNew Delhi, _bPHI Learning, _c2012. |
||
| 300 | _axxi, 569p. | ||
| 650 |
_aCOMPUTER SCIENCE _92088 |
||
| 650 |
_aIMAGE PROCESSING _92089 |
||
| 650 |
_aDIGITIZATION _92090 |
||
| 942 |
_2ddc _cBK |
||
| 999 |
_c3307 _d3307 |
||